Egyre nő a szegedi fesztivál vonzása Megkezdődött a Szabadtéri Játékok idei előadássorozata /
Elmentve itt :
| Szerző: | |
|---|---|
| Dokumentumtípus: | Cikk |
| Megjelent: |
1966-07-24
|
| Sorozat: | Délmagyarország
56 No. 174 |
| Kulcsszavak: | Szabadtéri Játékok, Szegedi Szabadtéri Játékok 1966 |
| Online Access: | http://dmarchiv.bibl.u-szeged.hu/78053 |
| LEADER | 00568nab a2200157 i 4500 | ||
|---|---|---|---|
| 001 | delm78053 | ||
| 005 | 20180928084326.0 | ||
| 008 | 180928s1966 hu o 0|| hun d | ||
| 040 | |a SZTE Délmagyarország Archívum |b hun | ||
| 041 | |a hun | ||
| 100 | 1 | |a Liebmann Béla | |
| 245 | 1 | 0 | |a Egyre nő a szegedi fesztivál vonzása |h [elektronikus dokumentum] : |b Megkezdődött a Szabadtéri Játékok idei előadássorozata / |c Liebmann Béla |
| 260 | |c 1966-07-24 | ||
| 300 | |a 1 | ||
| 490 | 0 | |a Délmagyarország |v 56 No. 174 | |
| 695 | |a Szabadtéri Játékok, Szegedi Szabadtéri Játékok 1966 | ||